Lecturas (Registro nro. 8519)
[ vista simple ]
| 000 -LEADER | |
|---|---|
| fixed length control field | 00976nas a2200229 454500 |
| 001 - CONTROL NUMBER | |
| control field | 19328 |
| 005 - DATE AND TIME OF LATEST TRANSACTION | |
| control field | 20260407193505.0 |
| 008 - FIXED-LENGTH DATA ELEMENTS--GENERAL INFORMATION | |
| fixed length control field | 260407s1999####ag###########|||spa#d |
| 003 - CONTROL NUMBER IDENTIFIER | |
| control field | AR-UNSa-BCEJYS |
| 040 ## - CATALOGING SOURCE | |
| Original cataloging agency | AR-UNSa-BCEJYS |
| Language of cataloging | spa |
| Transcribing agency | AR-UNSa-BCEJYS |
| 080 ## - UNIVERSAL DECIMAL CLASSIFICATION NUMBER | |
| Universal Decimal Classification number | 338.43 |
| Common auxiliary subdivision | Agricultura como una rama de la economía. Economía de los productos alimenticios |
| 100 1# - MAIN ENTRY--PERSONAL NAME | |
| Personal name | Bolsa de Comercio de Rosario |
| 245 10 - TITLE STATEMENT | |
| Title | Lecturas |
| 264 #1 - PRODUCTION, PUBLICATION, DISTRIBUTION, MANUFACTURE, AND COPYRIGHT NOTICE | |
| Place of production, publication, distribution, manufacture | Rosario : |
| Name of producer, publisher, distributor, manufacturer | Ediciones Capacitación & Desarrollo de Mercados |
| Date of production, publication, distribution, manufacture, or copyright notice | 1999 |
| 310 ## - CURRENT PUBLICATION FREQUENCY | |
| Current publication frequency | Frecuencia: Anual<br/> |
| 505 ## - FORMATTED CONTENTS NOTE | |
| Formatted contents note | Publicación anual del Departamento de Capacitación y Desarrollo de Mercados que corona el esfuerzo realizado por los becados del Programa de Formación. |
| 590 ## - LOCAL NOTE (RLIN) | |
| Local note | niveau_biblio:s niveau_hierar:1 |
| 650 ## - SUBJECT ADDED ENTRY--TOPICAL TERM | |
| Topical term or geographic name entry element | Política comercial |
| 650 ## - SUBJECT ADDED ENTRY--TOPICAL TERM | |
| Topical term or geographic name entry element | Mercado financiero |
| 856 41 - ELECTRONIC LOCATION AND ACCESS | |
| Uniform Resource Identifier | <a href="https://biblioeco.unsa.edu.ar/pmb/images/revistas/Bolsa de Comercio de Rosario(lecturas14).jpg">https://biblioeco.unsa.edu.ar/pmb/images/revistas/Bolsa de Comercio de Rosario(lecturas14).jpg</a> |
| Link text | Imagen de portada |
| Electronic format type | image/jpeg |
| 942 ## - ADDED ENTRY ELEMENTS (KOHA) | |
| Koha item type | |
| Withdrawn status | Lost status | Damaged status | Not for loan | Home library | Current library | Shelving location | Date acquired | Serial enumeration / chronology | Total checkouts | Full call number | Barcode | Date last seen | Price effective from | Koha item type |
|---|---|---|---|---|---|---|---|---|---|---|---|---|---|---|
| Biblioteca Prof. Eusebio Cleto del Rey | Biblioteca Prof. Eusebio Cleto del Rey | 01/01/2017 | Nº 20 - ene. 2017 | H338.43 LEC 20 | R21704 | 10/04/2026 | 10/04/2026 | Numero | ||||||
| Biblioteca Prof. Eusebio Cleto del Rey | Biblioteca Prof. Eusebio Cleto del Rey | 01/01/2016 | Nº 19 - ene. 2016 | H338.43 LEC 19 | R20767 | 10/04/2026 | 10/04/2026 | Numero | ||||||
| Biblioteca Prof. Eusebio Cleto del Rey | Biblioteca Prof. Eusebio Cleto del Rey | 01/01/2015 | Nº 18 - ene. 2015 | H338.43 LEC 18 | R16437 | 10/04/2026 | 10/04/2026 | Numero | ||||||
| Biblioteca Prof. Eusebio Cleto del Rey | Biblioteca Prof. Eusebio Cleto del Rey | 06/05/2014 | Nº 17 - mayo 2014 | H338.43 LEC 17 | R16772 | 10/04/2026 | 10/04/2026 | Numero | ||||||
| Biblioteca Prof. Eusebio Cleto del Rey | Biblioteca Prof. Eusebio Cleto del Rey | 01/11/2012 | Nº 16 - nov. 2012 | H338.43 LEC 16 | R16771 | 10/04/2026 | 10/04/2026 | Numero | ||||||
| Biblioteca Prof. Eusebio Cleto del Rey | Biblioteca Prof. Eusebio Cleto del Rey | 01/03/2012 | Nº 15 - mar. 2012 | H338.43 LEC 15 | R16770 | 10/04/2026 | 10/04/2026 | Numero | ||||||
| Biblioteca Prof. Eusebio Cleto del Rey | Biblioteca Prof. Eusebio Cleto del Rey | 01/01/2010 | Nº 14 - ene. 2010 | H338.43 LEC 14 | R08922 | 10/04/2026 | 10/04/2026 | Numero | ||||||
| Biblioteca Prof. Eusebio Cleto del Rey | Biblioteca Prof. Eusebio Cleto del Rey | 01/01/2009 | Nº 13 - ene. 2009 | H338.43 LEC 13 | R08921 | 10/04/2026 | 10/04/2026 | Numero | ||||||
| Biblioteca Prof. Eusebio Cleto del Rey | Biblioteca Prof. Eusebio Cleto del Rey | 01/06/2008 | Nº 12 - jun. 2008 | H338.43 LEC 12 | R08920 | 10/04/2026 | 10/04/2026 | Numero | ||||||
| Biblioteca Prof. Eusebio Cleto del Rey | Biblioteca Prof. Eusebio Cleto del Rey | 01/01/2008 | Nº 11 - ene. 2008 | H338.43 LEC 11 | R08919 | 10/04/2026 | 10/04/2026 | Numero | ||||||
| Biblioteca Prof. Eusebio Cleto del Rey | Biblioteca Prof. Eusebio Cleto del Rey | 01/01/2006 | Nº 10 - ene. 2006 | H338.43 LEC 10 | R08918 | 10/04/2026 | 10/04/2026 | Numero | ||||||
| Biblioteca Prof. Eusebio Cleto del Rey | Biblioteca Prof. Eusebio Cleto del Rey | 01/01/2005 | Nº 9 - ene. 2005 | H338.43 LEC 9 | R08917 | 10/04/2026 | 10/04/2026 | Numero | ||||||
| Biblioteca Prof. Eusebio Cleto del Rey | Biblioteca Prof. Eusebio Cleto del Rey | 01/01/2004 | Nº 8 - ene. 2004 | H338.43 LEC 8 | R08916 | 10/04/2026 | 10/04/2026 | Numero | ||||||
| Biblioteca Prof. Eusebio Cleto del Rey | Biblioteca Prof. Eusebio Cleto del Rey | 01/06/2003 | Nº 7 - jun. 2003 | H338.43 LEC 7 | R08915 | 10/04/2026 | 10/04/2026 | Numero | ||||||
| Biblioteca Prof. Eusebio Cleto del Rey | Biblioteca Prof. Eusebio Cleto del Rey | 01/01/2003 | Nº 6 - ene. 2003 | H338.43 LEC 6 | R08914 | 10/04/2026 | 10/04/2026 | Numero | ||||||
| Biblioteca Prof. Eusebio Cleto del Rey | Biblioteca Prof. Eusebio Cleto del Rey | 01/12/2000 | Nº 5 - dic. 2000 | H338.43 LEC 5 | R09041 | 10/04/2026 | 10/04/2026 | Numero | ||||||
| Biblioteca Prof. Eusebio Cleto del Rey | Biblioteca Prof. Eusebio Cleto del Rey | 01/06/2000 | Nº 4 - jun. 2000 | H338.43 LEC 4 | R09040 | 10/04/2026 | 10/04/2026 | Numero | ||||||
| Biblioteca Prof. Eusebio Cleto del Rey | Biblioteca Prof. Eusebio Cleto del Rey | 01/01/2000 | Nº 3 - ene. 2000 | H338.43 LEC 3 | R01610 | 10/04/2026 | 10/04/2026 | Numero | ||||||
| Biblioteca Prof. Eusebio Cleto del Rey | Biblioteca Prof. Eusebio Cleto del Rey | 01/04/1999 | Nº 2 - abr. 1999 | H338.43 LEC 2 | R08891 | 10/04/2026 | 10/04/2026 | Numero |